[Event "Topusko op 5th"]
[Site "Topusko"]
[Date "2016.08.13"]
[Round "9"]
[White "Levar, Nenad"]
[Black "Zelic, Marina"]
[Result "1/2-1/2"]
[WhiteElo "2015"]
[BlackElo "1759"]
[PlyCount "38"]
[EventDate "2016.08.06"]
[EventType "swiss"]
[EventRounds "9"]
[EventCountry "CRO"]
[SourceTitle "CBM 173 Extra"]
[Source "ChessBase"]
[SourceDate "2016.08.29"]
[SourceVersion "1"]
[SourceVersionDate "2016.08.29"]
[SourceQuality "1"]

1. d4 d5 2. Nf3 Nf6 3. c4 e6 4. Nc3 Be7 5. cxd5 exd5 6. Bg5 h6 7. Bh4 c6 8. Qc2 Be6 9. e3 Nbd7 10. Bd3 0-0 11. 0-0 Re8 12. a3 Nf8 13. b4 Rc8 14. Rfb1 N6d7 15. Bg3 Nf6 16. Na4 Nh5 17. Nc5 Nxg3 18. hxg3 Qc7 19. a4 b6 1/2-1/2

[Event "Topusko op 5th"]
[Site "Topusko"]
[Date "2016.08.12"]
[Round "8"]
[White "Zelic, Marina"]
[Black "Petricevic, Petar"]
[Result "1/2-1/2"]
[WhiteElo "1759"]
[BlackElo "1920"]
[PlyCount "94"]
[EventDate "2016.08.06"]
[EventType "swiss"]
[EventRounds "9"]
[EventCountry "CRO"]
[SourceTitle "CBM 173 Extra"]
[Source "ChessBase"]
[SourceDate "2016.08.29"]
[SourceVersion "1"]
[SourceVersionDate "2016.08.29"]
[SourceQuality "1"]

1. e4 g6 2. d4 Bg7 3. Nf3 d6 4. Nc3 a6 5. Be3 Nf6 6. h3 Nc6 7. Qd2 h6 8. a3 b6 9. Bd3 e5 10. dxe5 dxe5 11. Rd1 Be6 12. 0-0 g5 13. Nh2 0-0 14. h4 Nh5 15. hxg5 hxg5 16. Bxg5 f6 17. Be3 Bh8 18. Bh6 Rf7 19. Be2 Qxd2 20. Rxd2 Rh7 21. Be3 Nf4 22. Bxf4 exf4 23. Bf3 Ne5 24. Rfd1 Kf7 25. Nd5 Bxd5 26. Rxd5 Re8 27. Be2 a5 28. Nf3 Nxf3+ 29. Bxf3 Re7 30. Bh5+ Kg7 31. f3 Re5 32. Bg4 Kh6 33. Bf5 Rxd5 34. Rxd5 Re7 35. Kf2 Bg7 36. c3 Bf8 37. Bg4 Re5 38. Ke2 Bd6 39. Kd3 Kg7 40. c4 Kf7 41. Kc3 Rxd5 42. cxd5 Be5+ 43. Kc2 Ke7 44. b4 axb4 45. axb4 Kd6 46. Kb3 Bd4 47. Kc4 Bf2 1/2-1/2

[Event "Topusko op 5th"]
[Site "Topusko"]
[Date "2016.08.06"]
[Round "1"]
[White "Vlahov, Hrvoje"]
[Black "Zelic, Marina"]
[Result "1-0"]
[WhiteElo "2189"]
[BlackElo "1759"]
[PlyCount "61"]
[EventDate "2016.08.06"]
[EventType "swiss"]
[EventRounds "9"]
[EventCountry "CRO"]
[SourceTitle "CBM 173 Extra"]
[Source "ChessBase"]
[SourceDate "2016.08.29"]
[SourceVersion "1"]
[SourceVersionDate "2016.08.29"]
[SourceQuality "1"]

1. e4 c5 2. Nf3 Nc6 3. Nc3 d6 4. d4 cxd4 5. Nxd4 Nf6 6. Be2 e6 7. 0-0 Be7 8. Kh1 a6 9. f4 Qc7 10. a4 Bd7 11. Nb3 Na5 12. Nxa5 Qxa5 13. Bd2 Qc7 14. Be3 Bc6 15. Bf3 b6 16. Qd4 Rb8 17. e5 dxe5 18. fxe5 Nd7 19. Bxc6 Qxc6 20. Qg4 g6 21. Bh6 Nxe5 22. Qf4 f6 23. Bg7 g5 24. Qg3 Rg8 25. Bxf6 Bxf6 26. Rxf6 Nd7 27. Rh6 Rg7 28. Re1 Kf7 29. Ne4 Qd5 30. c4 Qa8 31. Rf1+ 1-0

[Event "Topusko op 4th"]
[Site "Topusko"]
[Date "2015.08.07"]
[Round "8"]
[White "Zelic, Marina"]
[Black "Krakar, Matko"]
[Result "1-0"]
[WhiteElo "1815"]
[BlackElo "1420"]
[PlyCount "65"]
[EventDate "2015.08.01"]
[EventType "swiss"]
[EventRounds "9"]
[EventCountry "CRO"]
[SourceTitle "CBM 167 Extra"]
[Source "ChessBase"]
[SourceDate "2015.09.14"]
[SourceVersion "1"]
[SourceVersionDate "2015.09.14"]
[SourceQuality "1"]

1. e4 e5 2. Nf3 Nc6 3. Bb5 a6 4. Ba4 Bc5 5. c3 d6 6. 0-0 Bd7 7. d3 h6 8. Qe2 Nf6 9. h3 0-0 10. Bb3 Ne7 11. d4 exd4 12. cxd4 Bb5 13. Bc4 Bxc4 14. Qxc4 Ba7 15. Qc2 Ng6 16. Nc3 Re8 17. Be3 Qd7 18. Rad1 Nh7 19. Nh2 Qe7 20. f4 Ngf8 21. Nf3 Nd7 22. Qd3 Nb6 23. d5 Nd7 24. Bxa7 Rxa7 25. Rde1 f6 26. Nh4 Qf7 27. Qg3 Nhf8 28. Nf5 Kh7 29. Qh4 Ng6 30. Qg3 Ne7 31. Nd4 Qg6 32. Qf2 Raa8 33. Ne6 1-0

[Event "Topusko op 4th"]
[Site "Topusko"]
[Date "2015.08.06"]
[Round "7"]
[White "Dasic, Jelena"]
[Black "Zelic, Marina"]
[Result "1-0"]
[WhiteElo "1728"]
[BlackElo "1815"]
[PlyCount "75"]
[EventDate "2015.08.01"]
[EventType "swiss"]
[EventRounds "9"]
[EventCountry "CRO"]
[SourceTitle "CBM 167 Extra"]
[Source "ChessBase"]
[SourceDate "2015.09.14"]
[SourceVersion "1"]
[SourceVersionDate "2015.09.14"]
[SourceQuality "1"]

1. e4 c5 2. Nf3 Nc6 3. c3 Nf6 4. Bd3 d6 5. h3 e5 6. Bc2 Be7 7. 0-0 0-0 8. d3 b6 9. Re1 Bb7 10. Nbd2 Qc7 11. Nc4 Rad8 12. Bg5 h6 13. Bh4 Nh7 14. Bg3 Ng5 15. Ne3 Nxf3+ 16. Qxf3 Qd7 17. Nf5 Qe6 18. Bb3 Qg6 19. Bd5 Rd7 20. Rad1 Nd8 21. Bxb7 Rxb7 22. d4 cxd4 23. cxd4 exd4 24. Rxd4 d5 25. exd5 Bc5 26. Rg4 Qh7 27. Rxg7+ Qxg7 28. Nxg7 Kxg7 29. Qg4+ Kh7 30. Qf5+ Kg8 31. Re4 f6 32. d6 Rg7 33. Rg4 Rg5 34. Rxg5+ hxg5 35. Qg6+ Kh8 36. h4 gxh4 37. Bxh4 Bd4 38. Qh5+ 1-0

[Event "Topusko op 4th"]
[Site "Topusko"]
[Date "2015.08.02"]
[Round "3"]
[White "Krakar, Niko"]
[Black "Zelic, Marina"]
[Result "0-1"]
[WhiteElo "1628"]
[BlackElo "1815"]
[PlyCount "90"]
[EventDate "2015.08.01"]
[EventType "swiss"]
[EventRounds "9"]
[EventCountry "CRO"]
[SourceTitle "CBM 167 Extra"]
[Source "ChessBase"]
[SourceDate "2015.09.14"]
[SourceVersion "1"]
[SourceVersionDate "2015.09.14"]
[SourceQuality "1"]

1. e4 c5 2. Nf3 Nc6 3. d4 cxd4 4. Nxd4 Nf6 5. Nc3 d6 6. g3 Bd7 7. Bg2 Nxd4 8. Qxd4 Bc6 9. Be3 e5 10. Qd2 Ng4 11. h3 Nxe3 12. Qxe3 Be7 13. h4 f5 14. 0-0-0 0-0 15. Nd5 Bxd5 16. Rxd5 f4 17. Qb3 Rf7 18. Rhd1 fxg3 19. fxg3 Qc7 20. Bh3 Kf8 21. Be6 Rf6 22. R5d2 Rb8 23. Bg8 h6 24. Bh7 Rf7 25. Rf2 Bf6 26. Bg6 Bg5+ 27. hxg5 Rxf2 28. gxh6 gxh6 29. Bf5 b5 30. Be6 a5 31. Qd3 Ke7 32. Bd5 Rbf8 33. Rd2 Qc5 34. Rxf2 Qxf2 35. b4 Qe1+ 36. Qd1 Qxb4 37. Qh1 Qa3+ 38. Kb1 Qe3 39. Qh3 Rf6 40. Qh4 Qg5 41. Qh3 Qe3 42. Qh4 a4 43. g4 a3 44. Qh1 Qc3 45. Qc1 Rf1 0-1

[Event "Topusko op 4th"]
[Site "Topusko"]
[Date "2015.08.01"]
[Round "1"]
[White "Zelic, Marina"]
[Black "Veleski, Robert"]
[Result "0-1"]
[WhiteElo "1815"]
[BlackElo "2262"]
[PlyCount "114"]
[EventDate "2015.08.01"]
[EventType "swiss"]
[EventRounds "9"]
[EventCountry "CRO"]
[SourceTitle "CBM 167 Extra"]
[Source "ChessBase"]
[SourceDate "2015.09.14"]
[SourceVersion "1"]
[SourceVersionDate "2015.09.14"]
[SourceQuality "1"]

1. e4 c5 2. Nc3 Nc6 3. g3 g6 4. Bg2 Bg7 5. d3 d6 6. f4 e6 7. Nf3 Nge7 8. 0-0 0-0 9. Be3 Nd4 10. e5 Nef5 11. Bf2 Rb8 12. Ne4 Nxf3+ 13. Qxf3 dxe5 14. fxe5 Nd4 15. Qd1 b6 16. c3 Nf5 17. Nf6+ Kh8 18. g4 Ne7 19. Qf3 Bb7 20. Qh3 Bxf6 21. exf6 Nd5 22. Be1 e5 23. Bd2 Qd6 24. g5 Nf4 25. Qh6 Nh5 26. Bxb7 Rxb7 27. Rf3 Rd8 28. Re1 Rbb8 29. Re4 Rg8 30. Be1 b5 31. Bg3 Rbe8 32. Rfe3 Qd5 33. b3 c4 34. bxc4 bxc4 35. d4 Rb8 36. Rxe5 Rb1+ 37. Be1 Qd7 38. R5e4 Qf5 39. Re2 a5 40. R2e3 a4 41. Re2 Rb2 42. R4e3 Qg4+ 43. Kf2 Rxe2+ 44. Rxe2 Nf4 45. Re5 Nd3+ 46. Ke3 Qf4+ 47. Ke2 Nxe5 48. dxe5 Qxe5+ 49. Kf1 Qf5+ 50. Kg2 Qg4+ 51. Kf2 Qh5 52. Qxh5 gxh5 53. h4 h6 54. Bd2 hxg5 55. Bxg5 Rd8 56. Ke2 Rd3 57. Bd2 Kh7 0-1

[Event "CRO-chT (Women)"]
[Site "Sibenik"]
[Date "2007.10.19"]
[Round "7"]
[White "Medic, Mirjana"]
[Black "Zelic, Marina"]
[Result "1-0"]
[WhiteElo "2240"]
[BlackElo "2006"]
[PlyCount "41"]
[EventDate "2007.10.13"]
[EventType "team"]
[EventRounds "9"]
[EventCountry "CRO"]
[SourceTitle "EXT 2008"]
[Source "ChessBase"]
[SourceDate "2007.11.25"]
[SourceVersion "1"]
[SourceVersionDate "2007.11.25"]
[SourceQuality "1"]

1. d4 d5 2. c4 e6 3. Nc3 Nf6 4. Nf3 Nbd7 5. Bf4 a6 6. e3 dxc4 7. Bxc4 b5 8. Bd3 c5 9. 0-0 Bb7 10. Qe2 cxd4 11. exd4 Nd5 12. Nxd5 Bxd5 13. a4 bxa4 14. Rxa4 a5 15. Bb5 Bxf3 16. Qxf3 Ra7 17. d5 Bb4 18. dxe6 fxe6 19. Qe3 Ra8 20. Qxe6+ Qe7 21. Bxd7+ 1-0

[Event "Split MIC op"]
[Site "Split"]
[Date "2007.05.05"]
[Round "9"]
[White "Zelic, Marina"]
[Black "Milosavljevic, Jovan"]
[Result "1/2-1/2"]
[WhiteElo "2021"]
[BlackElo "2088"]
[PlyCount "146"]
[EventDate "2007.04.28"]
[EventType "swiss"]
[EventRounds "9"]
[EventCountry "CRO"]
[SourceTitle "EXT 2008"]
[Source "ChessBase"]
[SourceDate "2007.11.25"]
[SourceVersion "1"]
[SourceVersionDate "2007.11.25"]
[SourceQuality "1"]

1. e4 c5 2. Nc3 Nc6 3. g3 e6 4. Bg2 b6 5. d3 Ba6 6. Be3 Qc7 7. f4 h5 8. Nf3 Be7 9. Qd2 Nh6 10. h3 f5 11. e5 Nf7 12. d4 cxd4 13. Nxd4 Bb4 14. a3 Bxc3 15. Qxc3 Rc8 16. Nxc6 dxc6 17. 0-0-0 Ke7 18. Rd2 Rhd8 19. Rhd1 Rxd2 20. Rxd2 c5 21. Bf3 g6 22. Bf2 Rd8 23. Rxd8 Kxd8 24. g4 hxg4 25. hxg4 Bb7 26. gxf5 gxf5 27. Bh5 Kc8 28. Bh4 Nd8 29. Qg3 Qc6 30. Qg5 Qd7 31. Qg8 Bd5 32. Be8 Qc7 33. Bb5 Bb7 34. Bxd8 Qxd8 35. Qxe6+ Kb8 36. Qxf5 a6 37. Qd7 Qh4 38. Qd6+ Ka7 39. Be2 Qxf4+ 40. Kb1 Qe4 41. Bd3 Qh1+ 42. Ka2 Qd5+ 43. Qxd5 Bxd5+ 44. c4 Be6 45. b3 Kb7 46. Be4+ Kc7 47. Bd5 Bf5 48. Kb2 Bg4 49. Kc3 a5 50. b4 Kd7 51. bxc5 bxc5 52. Kd3 Bf5+ 53. Ke3 Bg6 54. Kf4 Bd3 55. Kg5 Ke7 56. Kf4 Bf1 57. Ke3 Kd7 58. Ke4 Ke7 59. Kf5 Bd3+ 60. Kg5 Bf1 61. Kg6 Bd3+ 62. Kg5 Bf1 63. Kf4 Bd3 64. Ke3 Bf1 65. Kd2 Kd7 66. Kc3 Be2 67. Bg8 Ke7 68. Kd2 Bf1 69. Bd5 Kd7 70. Kc3 Be2 71. Kd2 Bf1 72. Ke3 Ke7 73. Kf4 Be2 1/2-1/2

[Event "Split MIC op"]
[Site "Split"]
[Date "2007.05.01"]
[Round "5"]
[White "Sunara, Tomislav"]
[Black "Zelic, Marina"]
[Result "1/2-1/2"]
[WhiteElo "1992"]
[BlackElo "2021"]
[PlyCount "145"]
[EventDate "2007.04.28"]
[EventType "swiss"]
[EventRounds "9"]
[EventCountry "CRO"]
[SourceTitle "EXT 2008"]
[Source "ChessBase"]
[SourceDate "2007.11.25"]
[SourceVersion "1"]
[SourceVersionDate "2007.11.25"]
[SourceQuality "1"]

1. e4 c5 2. Nf3 Nc6 3. Nc3 d6 4. h3 Nf6 5. d4 cxd4 6. Nxd4 e5 7. Nb3 Be6 8. Be3 Be7 9. Be2 0-0 10. Qd2 Na5 11. 0-0 Nc4 12. Bxc4 Bxc4 13. Rfd1 b5 14. f3 a5 15. Qf2 Nd7 16. Nd5 Bxd5 17. Rxd5 a4 18. Nd2 Rb8 19. Rd1 f5 20. Qe2 f4 21. Bf2 Qc7 22. c4 bxc4 23. Nxc4 Nf6 24. R5d2 Rfd8 25. Kh2 Rb4 26. Rc2 Rc8 27. Rdc1 Qb8 28. Be1 Rb5 29. a3 d5 30. exd5 Rxd5 31. Bc3 e4 32. Bxf6 Bxf6 33. Qxe4 Rcd8 34. Qe6+ Kf8 35. Re2 Bh4 36. g4 fxg3+ 37. Kg2 Qf4 38. Ne5 Rxe5 39. Qxe5 Qxc1 40. Qf5+ Bf6 41. Qxh7 Qg5 42. Qc2 Qd5 43. Qxa4 Qd3 44. Qc2 Qxc2 45. Rxc2 Be5 46. b4 Ra8 47. Ra2 Bd6 48. f4 Bxb4 49. a4 Be1 50. Kf1 Bf2 51. Kg2 Kf7 52. Kf3 Kf6 53. a5 Ra6 54. h4 Kf5 55. Ra4 Be1 56. Re4 Rxa5 57. Rxe1 Ra3+ 58. Kg2 Kxf4 59. Kh3 Ra2 60. Rf1+ Rf2 61. Rh1 Kf3 62. h5 g2 63. Rg1 Ra2 64. Rb1 Rf2 65. Rb3+ Ke2 66. Rg3 Kf1 67. Rxg7 g1Q 68. Rxg1+ Kxg1 69. Kh4 Rg2 70. h6 Kf2 71. Kh5 Kf3 72. h7 Kf4 73. Kh6 1/2-1/2

[Event "Zagreb op"]
[Site "Zagreb"]
[Date "2007.03.17"]
[Round "1"]
[White "Zelic, Marina"]
[Black "Kovacevic, Blazimir"]
[Result "0-1"]
[WhiteElo "2021"]
[BlackElo "2448"]
[PlyCount "46"]
[EventDate "2007.03.17"]
[EventType "swiss"]
[EventRounds "9"]
[EventCountry "CRO"]
[SourceTitle "CBM 117 Extra"]
[Source "ChessBase"]
[SourceDate "2007.05.09"]
[SourceVersion "1"]
[SourceVersionDate "2007.05.09"]
[SourceQuality "1"]

1. e4 g6 2. d4 Bg7 3. Nc3 d6 4. f4 a6 5. a4 b6 6. Bc4 e6 7. Nf3 Ne7 8. 0-0 0-0 9. Be3 Nd7 10. Qd2 Nf6 11. h3 d5 12. Bd3 dxe4 13. Nxe4 Bb7 14. Nxf6+ Bxf6 15. c3 Nf5 16. Qf2 Bh4 17. Nxh4 Nxh4 18. f5 Nxf5 19. Bxf5 exf5 20. Qg3 Be4 21. Bh6 Re8 22. Rf4 f6 23. h4 Kf7 0-1

[Event "CRO-chT (Women) 15th"]
[Site "Sibenik"]
[Date "2006.09.26"]
[Round "5"]
[White "Jelica, Mara"]
[Black "Zelic, Marina"]
[Result "1-0"]
[WhiteElo "2190"]
[BlackElo "2030"]
[PlyCount "143"]
[EventDate "2006.09.22"]
[EventType "team"]
[EventRounds "9"]
[EventCountry "CRO"]
[SourceTitle "CBM 114 Extra"]
[Source "ChessBase"]
[SourceDate "2006.11.03"]
[SourceVersion "1"]
[SourceVersionDate "2006.11.03"]
[SourceQuality "1"]

1. e4 c5 2. Nf3 Nc6 3. d4 cxd4 4. Nxd4 Nf6 5. Nc3 d6 6. Be2 e6 7. Be3 Be7 8. 0-0 a6 9. Kh1 Qc7 10. a4 0-0 11. f4 Bd7 12. Nb3 Na5 13. Nxa5 Qxa5 14. Qd2 Qc7 15. Bf3 Bc6 16. g4 Nd7 17. g5 f5 18. Qg2 Nc5 19. Bxc5 dxc5 20. exf5 Bxf3 21. Qxf3 Rxf5 22. Qe4 Qc6 23. Qxc6 bxc6 24. Rae1 Kf7 25. h4 Rd8 26. Kg2 Rd4 27. Kg3 Bd6 28. Ne4 Bc7 29. h5 Rxa4 30. b3 Rd4 31. c3 Rd3+ 32. Kg4 h6 33. Re2 a5 34. g6+ Ke7 35. Rff2 Rd1 36. Re3 Rg1+ 37. Rg3 Rh1 38. Rh3 Rg1+ 39. Ng3 Kf6 40. Rh1 Rxh1 41. Nxh1 Rd5 42. Ng3 Bb6 43. c4 Rd4 44. Ne2 Rd2 45. Nc3 Rd4 46. Ne2 Rd3 47. Rf3 Rxf3 48. Kxf3 e5 49. Kg4 exf4 50. Nxf4 Bc7 51. Nh3 Ke5 52. Ng5 Kf6 53. Ne4+ Ke5 54. Nxc5 Bd8 55. Nb7 Bc7 56. Nc5 Bd8 57. Kf3 Be7 58. Nb7 Bb4 59. Nd8 Kd6 60. Ke4 Bc3 61. Kd3 Bb4 62. Kd4 c5+ 63. Ke4 Bc3 64. Kf5 Bb4 65. Nf7+ Ke7 66. Ke5 Ba3 67. Nd6 Bb2+ 68. Kd5 Kf6 69. Ne4+ Kf5 70. Nxc5 Kg5 71. Ne6+ Kxh5 72. c5 1-0

[Event "CRO-chT (Women) 15th"]
[Site "Sibenik"]
[Date "2006.09.24"]
[Round "3"]
[White "Grzincic, Tihana"]
[Black "Zelic, Marina"]
[Result "0-1"]
[WhiteElo "2030"]
[BlackElo "2030"]
[PlyCount "66"]
[EventDate "2006.09.22"]
[EventType "team"]
[EventRounds "9"]
[EventCountry "CRO"]
[SourceTitle "CBM 114 Extra"]
[Source "ChessBase"]
[SourceDate "2006.11.03"]
[SourceVersion "1"]
[SourceVersionDate "2006.11.03"]
[SourceQuality "1"]

1. e4 c5 2. Nf3 Nc6 3. d4 cxd4 4. Nxd4 Nf6 5. Nc3 d6 6. Be2 e6 7. 0-0 Be7 8. Be3 0-0 9. Nb3 a6 10. a4 Na5 11. Nxa5 Qxa5 12. f3 Bd7 13. Qd2 Qc7 14. Kh1 Bc6 15. Bd3 d5 16. exd5 Nxd5 17. Nxd5 Bxd5 18. Qf2 Rac8 19. Rfe1 Bd6 20. c3 f5 21. Bb6 Qf7 22. Qh4 e5 23. a5 Bb8 24. Bg1 Rc6 25. Qf2 Rh6 26. Ra4 Qh5 27. Bc4 Bxc4 28. Rxc4 e4 29. f4 Qf7 30. Ra4 Qc7 31. Rf1 g5 32. g3 gxf4 33. Qxf4 Qc6 0-1

[Event "CRO-chT (Women) 15th"]
[Site "Sibenik"]
[Date "2006.09.23"]
[Round "2"]
[White "Zelic, Marina"]
[Black "Ascic, Iva"]
[Result "1-0"]
[WhiteElo "2030"]
[BlackElo "2049"]
[PlyCount "77"]
[EventDate "2006.09.22"]
[EventType "team"]
[EventRounds "9"]
[EventCountry "CRO"]
[SourceTitle "CBM 114 Extra"]
[Source "ChessBase"]
[SourceDate "2006.11.03"]
[SourceVersion "1"]
[SourceVersionDate "2006.11.03"]
[SourceQuality "1"]

1. e4 e5 2. Bc4 Nc6 3. Nf3 Bc5 4. c3 Nf6 5. d4 exd4 6. cxd4 Bb4+ 7. Bd2 Bxd2+ 8. Nbxd2 d6 9. 0-0 0-0 10. d5 Ne5 11. Nxe5 dxe5 12. Qc2 Bd7 13. Nf3 Qe7 14. Rad1 Bg4 15. Qd3 Ne8 16. Rfe1 Nd6 17. Bb3 h6 18. Rd2 Bxf3 19. Qxf3 Nb5 20. Qe3 Nd4 21. Rc1 Qd6 22. Bc4 Kh8 23. f4 f6 24. Qf2 Rac8 25. Rc3 b5 26. Bf1 b4 27. Rh3 c5 28. Bc4 Rce8 29. f5 Re7 30. Rdd3 a5 31. Rdg3 a4 32. Rg6 Rb8 33. Qh4 Rbb7 34. Qg3 Re8 35. Rgxh6+ gxh6 36. Rxh6+ Rh7 37. Rxh7+ Kxh7 38. Qg6+ Kh8 39. Qxe8+ 1-0

[Event "CRO-chT (Women)"]
[Site "Rabac"]
[Date "2004.09.13"]
[Round "9"]
[White "Zelic, Marina"]
[Black "Djeno, Snjezana"]
[Result "1/2-1/2"]
[WhiteElo "2010"]
[BlackElo "2034"]
[PlyCount "123"]
[EventDate "2004.09.05"]
[EventType "team-swiss"]
[EventRounds "9"]
[EventCountry "CRO"]
[SourceTitle "CBM 102 Extra"]
[Source "ChessBase"]
[SourceDate "2004.11.03"]
[SourceVersion "1"]
[SourceVersionDate "2004.11.03"]
[SourceQuality "1"]

1. e4 e6 2. d4 b6 3. Nf3 Bb7 4. Bd3 Nf6 5. Qe2 c5 6. c3 Be7 7. Nbd2 0-0 8. e5 Ne8 9. Ne4 Nc6 10. dxc5 bxc5 11. Be3 Qa5 12. Bg5 Bxg5 13. Nexg5 h6 14. Nh7 Nd4 15. Nxd4 cxd4 16. 0-0 dxc3 17. bxc3 Qxc3 18. Rfc1 Qa5 19. Nxf8 Kxf8 20. Qe3 Kg8 21. Rc5 Qd8 22. Rb1 Bd5 23. a4 d6 24. exd6 Nxd6 25. h3 Qd7 26. Bb5 Nxb5 27. Rcxb5 Bc6 28. Rb8+ Rxb8 29. Rxb8+ Kh7 30. Rb1 Bxa4 31. Ra1 Bc6 32. Rxa7 Qd1+ 33. Kh2 Qd6+ 34. f4 Qd5 35. Qg3 Qf5 36. Ra3 Qg6 37. Qf2 Bd5 38. Rg3 Qf6 39. Qc2+ Kg8 40. Qf2 Kh7 41. Ra3 Qf5 42. Re3 Qf6 43. g4 g5 44. Qc2+ Kg7 45. f5 exf5 46. gxf5 Qd4 47. Qc3 Qxc3 48. Rxc3 Be4 49. Rc5 Kf6 50. Kg3 Bxf5 51. Rc6+ Be6 52. Ra6 h5 53. h4 gxh4+ 54. Kxh4 Kg6 55. Ra1 Bg4 56. Rf1 f5 57. Rg1 f4 58. Re1 Kf5 59. Re7 f3 60. Kg3 Kf6 61. Re3 Kg5 62. Rxf3 1/2-1/2

[Event "CRO-chT (Women)"]
[Site "Rabac"]
[Date "2004.09.12"]
[Round "8"]
[White "Bocina, Marija"]
[Black "Zelic, Marina"]
[Result "1-0"]
[WhiteElo "2010"]
[BlackElo "2010"]
[PlyCount "79"]
[EventDate "2004.09.05"]
[EventType "team-swiss"]
[EventRounds "9"]
[EventCountry "CRO"]
[SourceTitle "CBM 102 Extra"]
[Source "ChessBase"]
[SourceDate "2004.11.03"]
[SourceVersion "1"]
[SourceVersionDate "2004.11.03"]
[SourceQuality "1"]

1. e4 c5 2. Nc3 Nc6 3. g3 g6 4. Bg2 Bg7 5. d3 d6 6. Be3 e5 7. Nge2 Nge7 8. Qd2 Nd4 9. 0-0 0-0 10. Nd1 f5 11. f4 Nxe2+ 12. Qxe2 Nc6 13. c3 exf4 14. Bxf4 Re8 15. Qd2 Ne5 16. Nf2 Qb6 17. Rab1 Be6 18. a3 fxe4 19. Nxe4 Nf7 20. Be3 Qb3 21. Nf6+ Bxf6 22. Rxf6 Bf5 23. Rf1 Kg7 24. Rxf7+ Kxf7 25. g4 Qe6 26. Bh6 Re7 27. gxf5 gxf5 28. Be4 Rg8+ 29. Kh1 Ke8 30. Rxf5 d5 31. Rxd5 Rg4 32. Bf4 Qf7 33. Rf5 Qa2 34. Bg3 Qb1+ 35. Kg2 Qa2 36. Qf2 Qg8 37. Qxc5 Qe6 38. Qf2 a6 39. Qf3 Rgg7 40. Qf4 1-0

[Event "CRO-chT (Women)"]
[Site "Rabac"]
[Date "2004.09.11"]
[Round "7"]
[White "Zelic, Marina"]
[Black "Stadler, Brigita"]
[Result "0-1"]
[WhiteElo "2010"]
[BlackElo "2141"]
[PlyCount "74"]
[EventDate "2004.09.05"]
[EventType "team-swiss"]
[EventRounds "9"]
[EventCountry "CRO"]
[SourceTitle "CBM 102 Extra"]
[Source "ChessBase"]
[SourceDate "2004.11.03"]
[SourceVersion "1"]
[SourceVersionDate "2004.11.03"]
[SourceQuality "1"]

1. e4 c5 2. Nc3 Nc6 3. g3 g6 4. Bg2 Bg7 5. d3 d6 6. f4 e6 7. Nf3 Nge7 8. 0-0 0-0 9. Be3 b6 10. d4 Ba6 11. Rf2 Qc7 12. a4 Rad8 13. Nb5 Qb8 14. c3 Na5 15. Bf1 d5 16. e5 Nf5 17. Bc1 Bxb5 18. axb5 c4 19. g4 Ne7 20. Be3 Qc7 21. Nd2 f6 22. exf6 Rxf6 23. Nf3 Qd7 24. Qa4 Rff8 25. Re1 e5 26. Nxe5 Bxe5 27. dxe5 Qxg4+ 28. Rg2 Qh4 29. Qd1 Nf5 30. Bd2 d4 31. Rg4 Qe7 32. cxd4 Rxd4 33. Qc2 Qc5 34. Kh1 Qxb5 35. Bxa5 bxa5 36. Re4 Rd3 37. Rxc4 Qd5+ 0-1

[Event "CRO-chT (Women)"]
[Site "Rabac"]
[Date "2004.09.07"]
[Round "3"]
[White "Trtanj, Tina"]
[Black "Zelic, Marina"]
[Result "1-0"]
[WhiteElo "2116"]
[BlackElo "2010"]
[PlyCount "101"]
[EventDate "2004.09.05"]
[EventType "team-swiss"]
[EventRounds "9"]
[EventCountry "CRO"]
[SourceTitle "CBM 102 Extra"]
[Source "ChessBase"]
[SourceDate "2004.11.03"]
[SourceVersion "1"]
[SourceVersionDate "2004.11.03"]
[SourceQuality "1"]

1. d4 Nf6 2. c4 d6 3. Nc3 Nbd7 4. e4 e5 5. Nf3 exd4 6. Nxd4 Nc5 7. f3 a5 8. Be3 Be7 9. Be2 Bd7 10. 0-0 0-0 11. Qc2 Re8 12. Rad1 Qc8 13. Ndb5 Na6 14. a3 Bc6 15. Nd5 Bd8 16. Nbc3 b6 17. Bd4 Qe6 18. Qd2 h6 19. b4 axb4 20. axb4 Bxd5 21. Nxd5 Nd7 22. Qb2 Ne5 23. Ra1 c5 24. Bxe5 Qxe5 25. Qxe5 dxe5 26. b5 Nc7 27. Rxa8 Nxa8 28. Rd1 Bg5 29. Kf2 Kf8 30. g3 Rb8 31. Ra1 Bd2 32. Ra7 Bg5 33. f4 exf4 34. gxf4 Bd8 35. Bg4 g6 36. Bd7 Bh4+ 37. Kf3 Kg7 38. Bc6 Rd8 39. Rxa8 Rd6 40. Rb8 h5 41. Rxb6 g5 42. fxg5 Bxg5 43. Rb7 Re6 44. Bd7 Re5 45. Bf5 Re8 46. Rc7 Ra8 47. b6 Ra3+ 48. Ke2 Ra2+ 49. Kd3 Rd2+ 50. Kc3 Rxh2 51. b7 1-0

[Event "CRO-chT (Women)"]
[Site "Rabac"]
[Date "2004.09.05"]
[Round "1"]
[White "Bazaj Bockai, Snjezana"]
[Black "Zelic, Marina"]
[Result "0-1"]
[WhiteElo "2161"]
[BlackElo "2010"]
[PlyCount "72"]
[EventDate "2004.09.05"]
[EventType "team-swiss"]
[EventRounds "9"]
[EventCountry "CRO"]
[SourceTitle "CBM 102 Extra"]
[Source "ChessBase"]
[SourceDate "2004.11.03"]
[SourceVersion "1"]
[SourceVersionDate "2004.11.03"]
[SourceQuality "1"]

1. e4 c5 2. Nf3 Nc6 3. d4 cxd4 4. Nxd4 Nf6 5. Nc3 d6 6. Be2 e6 7. 0-0 Be7 8. Be3 Qc7 9. f4 Bd7 10. Kh1 Nxd4 11. Bxd4 0-0 12. Bd3 e5 13. Be3 exf4 14. Bxf4 a6 15. Qf3 Bc6 16. Nd5 Bxd5 17. exd5 Qd7 18. Rae1 Rfe8 19. Bg5 b5 20. b3 Rab8 21. c4 bxc4 22. Bxc4 a5 23. a4 Qc7 24. Bb5 Rf8 25. Re3 Bd8 26. Qf5 Qc8 27. Qd3 Ng4 28. Rh3 h6 29. Bf4 Qc5 30. Qg3 Rxb5 31. axb5 Qxb5 32. Qf3 f5 33. Bxd6 Rf6 34. Bg3 Bb6 35. Rd1 Qc5 36. Be1 Qg1# 0-1